საქართველოს არქეოლოგიის ნარკვევები (ძვ.წ. V - ახ. წ. V სს) / (ბიბ.ჩანაწერი № 58301)
[ მარტივი ფორმატი ]
| 000 -ლიდერი | |
|---|---|
| ფიქსირებული სიგრძის საკონტროლო ველი | 01973nam a22002177a 4500 |
| 003 - საკონტროლო ნომრის იდენტიფიკატორი | |
| საკონტროლო ველი | Ge_BSU |
| 005 - ბოლო ოპერაციის თარიღი და დრო | |
| საკონტროლო ველი | 20211101140027.0 |
| 008 - ფიქსირებული სიგრძის მონაცემთა ელემენტები - ზოგადი ინფორმაცია | |
| ფიქსირებული სიგრძის საკონტროლო ველი | 211101s2021 ge ||||| |||| 00| 0 geo d |
| 020 ## - წიგნის საერთაშორისო სტანდარტული ნომერი | |
| International Standard Book Number | 9789941968198 |
| 041 ## - ენის კოდი | |
| Language code of text/sound track or separate title | geo |
| 080 ## - უნივერსალური ათობითი კლასიფიკაციის ინდექსი | |
| Universal Decimal Classification number | 902.2(479.22) ს-32 |
| 245 ## - ცნობა სათაურის შესახებ | |
| Title | საქართველოს არქეოლოგიის ნარკვევები (ძვ.წ. V - ახ. წ. V სს) / |
| Statement of responsibility, etc | პროექტის ხელმძღვანელი გელა გამყრელიძე ; საქართველოს ეროვნული მუზეუმის ოთარ ლორთქიფანიძის სახ. არქეოლოგიური კვლევის ინსტიტუტი, ჟურნალ - იბერია-კოლხეთის - დამატება, I. |
| 264 ## - წარმოების, გამოცემის, დისტრიბუციის და სხვა ცნობები | |
| გამოცემის, წარმოების, დისტრიბუციის... ადგილი | თბილისი, |
| გამოცემის, წარმოების, დისტრიბუციის... თარიღი | 2021. |
| 300 ## - ფიზიკური აღწერა | |
| Extent | 684 გვ. : |
| Other physical details | ტაბ. ; |
| Dimensions | 29 სმ. |
| 500 ## - ზოგადი შენიშვნა | |
| General note | ყდაზე: არმაზციხის არქეოლოგიური გათხრების ხედი (ფოტო - ვ. ნიკოლაიშვილის), უკანა მხარეს, საქართველოს ეროვნული მუზეუმის ხედი (ფოტო - გ. გამყრელიძის). ეძღვნება ოთარ ლორთქიფანიძის ხსოვნას. |
| 504 ## - BIBLIOGRAPHY, ETC. NOTE | |
| Bibliography, etc | ბიბლიოგრაფია: გვ. 483-549. |
| 653 ## - INDEX TERM--UNCONTROLLED | |
| Uncontrolled term | არქეოლოგია |
| 700 ## - ADDED ENTRY--PERSONAL NAME | |
| Personal name | გამყრელიძე, გელა |
| Relator term | პროექტის ხელმძღვანელი |
| 9 (RLIN) | 12777 |
| 710 ## - ADDED ENTRY--CORPORATE NAME | |
| Corporate name or jurisdiction name as entry element | საქართველოს ეროვნული მუზეუმი. ოთარ ლორთქიფანიძის სახ. არქეოლოგიური კვლევის ინსტიტუტი. |
| 9 (RLIN) | 12778 |
| 942 ## - ADDED ENTRY ELEMENTS (KOHA) | |
| Source of classification or shelving scheme | |
| Koha item type | წიგნი |
| ჩამოწერის სტატუსი | დაკარგული ეგზემპლარის სტატუსი | კლასიფიკაციის წყარო ან თაროზე გაწყობის სქემა | დაზიანების სტატუსი | არ გაიცემა | მუდმივი მდებარეობა (დაცვის ადგილი) | ამჟამინდელი ადგილსამყოფელი | თაროზე განთავსების ადგილი | შეძენის თარიღი | ღირებულება, შესყიდვის ნორმალური ფასი | სრული შენახვის შიფრი | შტრიხკოდი | ბოლო ოპერაციის თარიღი | ეგზემპლარის მიმდევრობითი ნომერი (კეტერი?) | ფასის ძალაში შესვლის თარიღი | ეგზემპლარის სახეობა | საჯარო შენიშვნა |
|---|---|---|---|---|---|---|---|---|---|---|---|---|---|---|---|---|
| ბათუმის შოთა რუსთაველის სახელმწიფო უნივერსიტეტის მთავარი ბიბლიოთეკა | ბათუმის შოთა რუსთაველის სახელმწიფო უნივერსიტეტის მთავარი ბიბლიოთეკა | წიგნსაცავი | 2021-11-01 | 25.00 | 902.2(479.22) ს-32 | 29279 | 2021-11-01 | 29279 | 2021-11-01 | წიგნი | 25 ლ. |
